000 00744nam a2200277Ia 4500
008 160803s9999 xx 000 0 und d
020 _a9780590442459
100 _aBrown, Margaret Wise
245 _aBig red barn /
245 _cMargaret Wise Brown ; pictures by Felicia Bond.
260 _aNew York :
260 _bScholastic Inc.
260 _c1990
300 _a32 unnumbered pages :
300 _bcolor illustrations ;
300 _c24 cm
440 _aReady-to-go classroom library.
650 _aDomestic animals --
650 _aFarm life --
650 _aSpanish language materials --
650 _aStories in rhyme.
650 _xBilingual.
650 _xFiction.
650 _xFiction.
700 _a640
999 _c298827
_d298827